<?xml version="1.0" encoding="UTF-8"?>
<record
    xmlns:xsi="http://www.w3.org/2001/XMLSchema-instance"
    xsi:schemaLocation="http://www.loc.gov/MARC21/slim http://www.loc.gov/standards/marcxml/schema/MARC21slim.xsd"
    xmlns="http://www.loc.gov/MARC21/slim">

  <leader>00872nam a22002057a 4500</leader>
  <datafield tag="020" ind1=" " ind2=" ">
    <subfield code="a">9789694743066</subfield>
  </datafield>
  <datafield tag="082" ind1=" " ind2=" ">
    <subfield code="a">294.5</subfield>
    <subfield code="b">GHA</subfield>
  </datafield>
  <datafield tag="100" ind1=" " ind2=" ">
    <subfield code="a">Ghalib, Mirza Asadullah Khan</subfield>
  </datafield>
  <datafield tag="245" ind1=" " ind2=" ">
    <subfield code="a">Ghalib aur Ghamgeen ke Farsi maktubat /</subfield>
    <subfield code="c">Parto Rohaila</subfield>
  </datafield>
  <datafield tag="260" ind1=" " ind2=" ">
    <subfield code="a">Islamabad:</subfield>
    <subfield code="b">Muqtadira Qaumi Zaban,</subfield>
    <subfield code="c">2012.</subfield>
  </datafield>
  <datafield tag="300" ind1=" " ind2=" ">
    <subfield code="a">157 pages.</subfield>
  </datafield>
  <datafield tag="504" ind1=" " ind2=" ">
    <subfield code="a">&#x627;&#x631;&#x62F;&#x648; &#x62A;&#x631;&#x62C;&#x645;&#x6D2; &#x6A9;&#x6D2; &#x633;&#x627;&#x62A;&#x6BE; &#x641;&#x627;&#x631;&#x633;&#x6CC; &#x645;&#x62A;&#x646; &#x627;&#x648;&#x631; &#x62A;&#x648;&#x636;&#x6CC;&#x62D;&#x627;&#x62A; &#x634;&#x627;&#x645;&#x644; &#x6C1;&#x6CC;&#x6BA;</subfield>
  </datafield>
  <datafield tag="563" ind1=" " ind2=" ">
    <subfield code="a">HB</subfield>
  </datafield>
  <datafield tag="650" ind1=" " ind2=" ">
    <subfield code="a">Urdu literature</subfield>
  </datafield>
  <datafield tag="650" ind1=" " ind2=" ">
    <subfield code="a">Persian letters</subfield>
    <subfield code="9">129736</subfield>
  </datafield>
  <datafield tag="880" ind1=" " ind2=" ">
    <subfield code="6">100-01\(3\r</subfield>
    <subfield code="a">&#x63A;&#x627;&#x644;&#x628; &#x627;&#x648;&#x631; &#x63A;&#x645;&#x6AF;&#x6CC;&#x646; &#x6A9;&#x6D2; &#x641;&#x627;&#x631;&#x633;&#x6CC; &#x645;&#x6A9;&#x62A;&#x648;&#x628;&#x627;&#x62A;</subfield>
    <subfield code="b">&#x627;&#x631;&#x62F;&#x648; &#x62A;&#x631;&#x62C;&#x645;&#x6D2;&#x60C; &#x641;&#x627;&#x631;&#x633;&#x6CC; &#x645;&#x62A;&#x646; &#x627;&#x648;&#x631; &#x62A;&#x648;&#x636;&#x6CC;&#x62D;&#x627;&#x62A; &#x6A9;&#x6D2; &#x633;&#x627;&#x62A;&#x6BE;</subfield>
  </datafield>
  <datafield tag="880" ind1=" " ind2=" ">
    <subfield code="6">100-02\(3\r</subfield>
    <subfield code="a">&#x645;&#x62A;&#x631;&#x62C;&#x645; &#x648; &#x645;&#x631;&#x62A;&#x628;: &#x67E;&#x631;&#x62A;&#x648; &#x631;&#x648;&#x6C1;&#x6CC;&#x644;&#x627;</subfield>
  </datafield>
  <datafield tag="880" ind1=" " ind2=" ">
    <subfield code="6">100-03\(3\r</subfield>
    <subfield code="a">&#x627;&#x633;&#x644;&#x627;&#x645; &#x622;&#x628;&#x627;&#x62F;</subfield>
    <subfield code="b">&#x645;&#x642;&#x62A;&#x62F;&#x631;&#x6C1; &#x642;&#x648;&#x645;&#x6CC; &#x632;&#x628;&#x627;&#x646;</subfield>
    <subfield code="c">2012&#x6D4;</subfield>
  </datafield>
  <datafield tag="942" ind1=" " ind2=" ">
    <subfield code="2">ddc</subfield>
    <subfield code="c">BK</subfield>
  </datafield>
  <datafield tag="999" ind1=" " ind2=" ">
    <subfield code="c">614287</subfield>
    <subfield code="d">614287</subfield>
  </datafield>
  <datafield tag="952" ind1=" " ind2=" ">
    <subfield code="0">0</subfield>
    <subfield code="1">0</subfield>
    <subfield code="2">ddc</subfield>
    <subfield code="4">0</subfield>
    <subfield code="6">294_500000000000000_GHA</subfield>
    <subfield code="7">0</subfield>
    <subfield code="9">641548</subfield>
    <subfield code="a">CL</subfield>
    <subfield code="b">CL</subfield>
    <subfield code="c">LIT</subfield>
    <subfield code="d">2025-07-12</subfield>
    <subfield code="e">DONATION</subfield>
    <subfield code="l">0</subfield>
    <subfield code="o">294.5 GHA</subfield>
    <subfield code="p">CL-D-2874</subfield>
    <subfield code="r">2025-07-12</subfield>
    <subfield code="w">2025-07-12</subfield>
    <subfield code="y">BK</subfield>
  </datafield>
</record>
